Catàleg d'activitats per a joves
Descripción Física:
2 volums : 24 cm
Materias:
Joves -- Associacions i clubs -- Catàlegs
; Lleure i joventut -- Catàlegs
; Relacions culturals
Idioma:
Catalán
MARC
| LEADER | 00000nam a2200000Ia 4500 | ||
|---|---|---|---|
| 001 | 16783 | ||
| 003 | Arxiu | ||
| 005 | 20260324175224.0 | ||
| 008 | 160829s20032004spcaxx s cat c | ||
| 040 | |a AGDB | ||
| 080 | |a FU-44-37 | ||
| 080 | |a FU-44-35 | ||
| 080 | |a FU-44-36 | ||
| 245 | 0 | 0 | |a Catàleg d'activitats per a joves |
| 246 | 3 | 3 | |a Catàleg d'accions per a joves |
| 260 | |a Barcelona : |b Diputació de Barcelona, Àrea de Cultura, Oficina del Pla Jove, |c 2003-2004 | ||
| 300 | |a 2 volums : |b 24 cm | ||
| 310 | |a Anual | ||
| 500 | |a Fins al 2002, el títol és Catàleg d'accions per a joves | ||
| 650 | |a Joves |x Associacions i clubs |x Catàlegs |9 21859 | ||
| 650 | |a Lleure i joventut |x Catàlegs |9 21860 | ||
| 650 | |a Relacions culturals |9 21861 | ||
| 710 | 1 | |a Barcelona (Catalunya : Província). |b Oficina del Pla Jove |9 52707 |e entitat productora | |
| 866 | |a 2003 | ||
| 866 | |a 2004 | ||
| 901 | |a Arxiu | ||
| 942 | |n 1 |2 udc |c ARXIU | ||
| 952 | |0 0 |1 0 |4 0 |7 1 |9 41880 |a Arxiu |b Arxiu |d 2016-12-01 |h 2002 |o FU-44-36 |p 16782 |r 2016-12-01 00:00:00 |w 2016-12-01 |y ARXIU | ||
| 952 | |0 0 |1 0 |4 0 |7 1 |9 41881 |a Arxiu |b Arxiu |d 2016-12-01 |h 2003 |o FU-44-37 |p 16783 |r 2016-12-01 00:00:00 |w 2016-12-01 |y ARXIU | ||
| 952 | |0 0 |1 0 |4 0 |7 1 |9 41882 |a Arxiu |b Arxiu |d 2016-12-01 |h 2004 |o FU-44-35 |p 16781 |r 2016-12-01 00:00:00 |w 2016-12-01 |y ARXIU | ||
| 999 | |c 44328 |d 44328 | ||